• 首页
  • 本馆介绍
  • 公告通知
  • 最新文献
  • 馆藏检索
  • 电子资源
  • 读者导购
  • 参考咨询
  • 我的图书馆
  • 登录
  • 详细信息显示
  • 放入我的书架
  • 预约/预借图书
  • 作者相关作品
  • 分类相关作品
  • 丛书相关作品
  • 出版社相关作品

书目信息

  • 表格格式
  • 工作单格式
  • 卡片格式
题名:
论巴贝夫主义
    
 
作者: 达林 著 ;陈林 , 谷鸣 译
分册:  
出版信息: 北京   商务印书馆  1983
页数: 281页
开本: 21cm
丛书名:
单 册:
中图分类: D091.6 , D001.6
科图分类:
主题词: 巴贝夫主义--研究 , 政治理论
电子资源:
ISBN:
000 00774nam0 2200289 45
001 0183005488
005 20040429103817.9
010    @dCNY1.15
091    @a3017.329
100    @a19951001d1983 emky0chiy0121 ea
101 1  @achi@crus
102    @aCN@b110000
105    @ay z 000yy
106    @ar
200 10 @a论巴贝夫主义@Alun ba bei fu zhu yi@f(苏)维·姆·达林等著@g陈林,谷鸣译
210    @a北京@c商务印书馆@d1983
215    @a281页@d21cm
606    @a巴贝夫主义@x研究
606 0  @a政治理论
690    @aD091.6@v3
690    @aD001.6
701  1 @a达林@Ada lin@b维·姆@4著
702  0 @a陈林@Achen lin@4译
702  0 @a谷鸣@Agu ming@4著
801  0 @aCN@b上海图书馆@c20040429
801  2 @aCN@bNLC@c20040429
905    @f1@b122644@f1@b102085@dD001.6@e17
    
    论巴贝夫主义/(苏)维·姆·达林等著/陈林,谷鸣译.-北京:商务印书馆,1983
    281页;21cm
    
    
    ISBN :CNY1.15
    
●
相关链接 在E读中查询图书 在五车中查询图书 在当当中查询图书 在豆瓣中查询图书


正题名:论巴贝夫主义     索取号:D001.6/17         预约/预借

序号 登录号 条形码 馆藏地/架位号 状态 备注
1 0102085   001019472   密集书库/ [索取号:D001.6/17] 在馆    
2 0122644   001025465   密集书库/ [索取号:D001.6/17] 在馆    
唐山师范学院图书馆 欢迎您!
大连网信软件有限公司© 版权所有